TỪ ĐIỂN VĂN HÓA CỔ TRUYỀN VIỆT NAM /
Zapisane w:
| 1. autor: | |
|---|---|
| Format: | Książka |
| Język: | Vietnamese |
| Wydane: |
VĂN HỌC,
2002.
|
| Hasła przedmiotowe: | |
| Etykiety: |
Dodaj etykietę
Nie ma etykietki, Dołącz pierwszą etykiete!
|
| Thư viện lưu trữ: | Mạng thư viện Đại học Đà Nẵng |
|---|
| LEADER | 01099cam a22003131a 4500 | ||
|---|---|---|---|
| 001 | 000041090 | ||
| 003 | 17386 | ||
| 005 | 20210707143207.0 | ||
| 008 | 160418s2002 000 vie | ||
| 041 | |a vie | ||
| 082 | |a 390.095973 |b HƯ-N | ||
| 100 | |a Hữu Ngọc | ||
| 245 | 0 | |a TỪ ĐIỂN VĂN HÓA CỔ TRUYỀN VIỆT NAM / |c Hữu Ngọc. | |
| 260 | |a VĂN HỌC, |c 2002. | ||
| 300 | |a 769tr. ; 20cm. | ||
| 650 | |a TỪ ĐIỂN VĂN HÓA CỔ TRUYỀN VIỆT NAM | ||
| 852 | |c Từ điển 2 | ||
| OWN | |a LNN | ||
| AVA | |a UDN50 |b LNN |d 390.095973 HƯ-N |e available |t Error 5001 Not defined in file expand_doc_bib_avail. |f 1 |g 0 |h N |i 0 |k 1 | ||
| 999 | |a From the UDN01 | ||
| AVA | |a UDN50 |b LNN |d 390.095973 HƯ-N |e available |t Error 5001 Not defined in file expand_doc_bib_avail. |f 1 |g 0 |h N |i 0 |k 1 | ||
| TYP | |a Monograph | ||
| TYP | |a Printed language | ||
| 980 | |a Mạng thư viện Đại học Đà Nẵng | ||